Paesi con i più cattolici - Statistics

Statistiche generali
  • Questo quiz è stato fatto 143 volte
  • Il punteggio medio è 13 su 20
Statistiche sulle risposte
# nazione % Corretto
50,5 m Italia
100%
32,4 m Spagna
98%
40,0 m Francia
96%
125 m Brasile
92%
66,6 m Stati Uniti
90%
29,8 m Argentina
89%
13,8 m Canada
86%
98,8 m Messico
86%
23,6 m Germania
77%
36,0 m Colombia
74%
33,0 m Polonia
73%
22,2 m Venezuela
69%
23,7 m Perù
65%
11,3 m Ecuador
50%
81,4 m Filippine
46%
15,4 m India
45%
28,3 m Rep Dem Congo
35%
23,9 m Nigeria
33%
12,2 m Tanzania
10%
14,6 m Uganda
8%
Nessun quiz corrispondente trovato
Distribuzione punteggi
Percentuale di utenti per punteggio
Percentile per numero di risposta
I tuoi punteggi nel tempo
Non hai fatto questo quiz